THEMATIC AND ANALYSIS THE JOURNAL OF ENT (Record no. 27666)

MARC details
000 -LEADER
fixed length control field 00341nam a2200133Ia 4500
008 - FIXED-LENGTH DATA ELEMENTS--GENERAL INFORMATION
fixed length control field 240624s9999 xx 000 0 und d
041 ## - LANGUAGE CODE
Language code of text/sound track or separate title eng
082 ## - DEWEY DECIMAL CLASSIFICATION NUMBER
Classification number 658.421 BAT
100 ## - MAIN ENTRY--PERSONAL NAME
Personal name BATTHINI GANAPATHI
245 ## - TITLE STATEMENT
Title THEMATIC AND ANALYSIS THE JOURNAL OF ENT
260 ## - PUBLICATION, DISTRIBUTION, ETC.
Date of publication, distribution, etc. 2014
Place of publication, distribution, etc. Delhi
Name of publisher, distributor, etc. Bookwell
300 ## - PHYSICAL DESCRIPTION
Extent 174 : p. : cm. ; 21
365 ## - TRADE PRICE
Currency code RS
Holdings
Withdrawn status Lost status Damaged status Not for loan Home library Current library Shelving location Date acquired Cost, normal purchase price Full call number Barcode Date last seen Copy number Price effective from Koha item type
        IMTN IMTN Rack 29-B 06/23/2016 500.00 658.421 BAT 27666 06/24/2024 1 06/24/2024 Books
Designed & Maintained by: LRC IMT Nagpur Contact: lrc@imtnag.ac.in© 2024. All Rights Reserved.